00613nam a2200181Ia 4500008004100000020001500041041001200056082001600068100001300084245006900097260004100166300000800207650001600215700001600231942000700247999001300254952016400267221030s9999 xx 000 0 und d a8129705761 aEnglish a105.23bKro aP. Kroll 4aThe Rational Unified Process Made Easycby P. Kroll, P. Kruchten bPearson EducationaNew Delhic2006 a416 aBE Computer aP. Kruchten cBK c490d490 pBE 8370g350.00l0o105.23 Kror2024-06-13 00:00:00w2022-10-30yBK003Print40718RaMIETLIBbMIETLIBcBL-Second, FL-1, CUP-77, SH-4, R-4d2006-11-0210HBE